[Event "FRA-ch U14 Girls"]
[Site "Le Grand Bornand"]
[Date "2003.??.??"]
[Round "4.4"]
[White "Bismuth, Lea"]
[Black "Prosper, Coralie"]
[Result "1-0"]
[WhiteElo "1760"]
[BlackElo "1340"]
[PlyCount "53"]
[EventDate "2003.??.??"]
[EventType "swiss"]
[EventRounds "9"]
[EventCountry "FRA"]
[SourceTitle "EXT 2004"]
[Source "ChessBase"]
[SourceDate "2003.11.25"]
[SourceVersion "1"]
[SourceVersionDate "2003.11.25"]
[SourceQuality "1"]

1. e4 Nf6 2. e5 Nd5 3. c4 Nb6 4. d4 d6 5. exd6 exd6 6. Nc3 Be7 7. Nf3 Bg4 8. b3 Nc6 9. Be2 0-0 10. h3 Bh5 11. Bb2 Re8 12. 0-0 Bf6 13. g4 Bg6 14. Qd2 d5 15. c5 Nc8 16. Rae1 b6 17. Bb5 Rxe1 18. Rxe1 N8e7 19. g5 Qd7 20. gxf6 gxf6 21. Rxe7 Qxe7 22. Bxc6 Rd8 23. Qe3 Qf8 24. Nxd5 Qg7 25. Kh2 Bh5 26. Qe7 Rf8 27. Nxf6+ 1-0

[Event "FRA-ch U14 Girls"]
[Site "Le Grand Bornand"]
[Date "2003.??.??"]
[Round "3.8"]
[White "Clementiaux, Flore"]
[Black "Prosper, Coralie"]
[Result "0-1"]
[WhiteElo "1220"]
[BlackElo "1340"]
[PlyCount "98"]
[EventDate "2003.??.??"]
[EventType "swiss"]
[EventRounds "9"]
[EventCountry "FRA"]
[SourceTitle "EXT 2004"]
[Source "ChessBase"]
[SourceDate "2003.11.25"]
[SourceVersion "1"]
[SourceVersionDate "2003.11.25"]
[SourceQuality "1"]

1. e4 c6 2. Nf3 d5 3. exd5 cxd5 4. d4 Nf6 5. Nc3 g6 6. Bb5+ Nc6 7. Ne5 Qd6 8. g3 a6 9. Bxc6+ bxc6 10. Bf4 Qe6 11. Qe2 Nh5 12. Qe3 Nxf4 13. Qxf4 f6 14. 0-0-0 fxe5 15. Qxe5 Qxe5 16. dxe5 Bg7 17. Rhe1 0-0 18. f4 e6 19. Na4 Rf5 20. Nb6 Rb8 21. Nxc8 Rxc8 22. Rd4 g5 23. Rf1 gxf4 24. gxf4 Bh6 25. Kd2 Rcf8 26. Ke3 Rxe5+ 27. Kd3 Ref5 28. Rb4 Rxf4 29. Rfxf4 Rxf4 30. Rb6 e5 31. Rxc6 e4+ 32. Ke2 Bg7 33. b3 Rf6 34. Rc8+ Kf7 35. h4 Kg6 36. Rg8 Rf8 37. Rxf8 Bxf8 38. Ke3 Kf5 39. Kd4 Kf4 40. Kc3 e3 41. Kd3 Kf3 42. c4 dxc4+ 43. bxc4 e2 44. Kc3 e1Q+ 45. Kb3 Qb4+ 46. Kc2 Bg7 47. Kc1 Qb2+ 48. Kd1 Ke3 49. Ke1 Qe2# 0-1

[Event "FRA-ch U14 Girls"]
[Site "Le Grand Bornand"]
[Date "2003.??.??"]
[Round "7.6"]
[White "Le Bail, Clara"]
[Black "Prosper, Coralie"]
[Result "1-0"]
[WhiteElo "1790"]
[BlackElo "1340"]
[PlyCount "95"]
[EventDate "2003.??.??"]
[EventType "swiss"]
[EventRounds "9"]
[EventCountry "FRA"]
[SourceTitle "EXT 2004"]
[Source "ChessBase"]
[SourceDate "2003.11.25"]
[SourceVersion "1"]
[SourceVersionDate "2003.11.25"]
[SourceQuality "1"]

1. f4 d5 2. Nf3 Nf6 3. e3 Bf5 4. b3 a6 5. Bb2 e6 6. Be2 c5 7. 0-0 Nc6 8. a4 Be7 9. Na3 0-0 10. Ne5 Qc7 11. Qe1 Nd7 12. Nxd7 Qxd7 13. Qg3 f6 14. Bg4 Bg6 15. Qh3 Bf7 16. Rae1 Qd6 17. e4 d4 18. Nc4 Qc7 19. Bxe6 Rad8 20. Rf3 b5 21. axb5 axb5 22. Na3 Qa5 23. Ra1 Rb8 24. d3 Qc7 25. Raf1 Bd6 26. Bxf7+ Rxf7 27. Qe6 Qd7 28. Qxd7 Rxd7 29. Ra1 Ra7 30. Rff1 Nd8 31. g3 Nf7 32. Rfb1 Nh6 33. Bc1 c4 34. bxc4 bxc4 35. Rxb8+ Bxb8 36. Rb1 Bd6 37. Nxc4 Be7 38. Bb2 Bc5 39. Ra1 Rxa1+ 40. Bxa1 Ng4 41. Bb2 Ne3 42. Nxe3 dxe3 43. Kf1 Kf7 44. Ke2 Ke6 45. f5+ Kd6 46. Bc1 Ke5 47. Bxe3 Bd4 48. Bf4# 1-0

[Event "FRA-ch U14 Girls"]
[Site "Le Grand Bornand"]
[Date "2003.??.??"]
[Round "6.5"]
[White "Prosper, Coralie"]
[Black "Cheype, Marie"]
[Result "0-1"]
[WhiteElo "1340"]
[BlackElo "1730"]
[PlyCount "102"]
[EventDate "2003.??.??"]
[EventType "swiss"]
[EventRounds "9"]
[EventCountry "FRA"]
[SourceTitle "EXT 2004"]
[Source "ChessBase"]
[SourceDate "2003.11.25"]
[SourceVersion "1"]
[SourceVersionDate "2003.11.25"]
[SourceQuality "1"]

1. e4 d5 2. exd5 Qxd5 3. Nc3 Qa5 4. d4 Nf6 5. Nf3 Bg4 6. h3 Bh5 7. Bd2 c6 8. g4 Bg6 9. Ne5 e6 10. h4 Qc7 11. Bg2 Bb4 12. f3 Nbd7 13. Nxd7 Qxd7 14. h5 Bxh5 15. gxh5 Qxd4 16. Qe2 0-0-0 17. 0-0-0 Qc5 18. Be3 Qa5 19. Bd2 Nxh5 20. Qc4 Bxc3 21. Qxc3 Qxa2 22. b3 Qa3+ 23. Kb1 Nf6 24. Bg5 Rxd1+ 25. Rxd1 Qe7 26. Rd4 h6 27. Bh4 g5 28. Bf2 a6 29. Rd3 Rd8 30. Rxd8+ Qxd8 31. Qd4 Qxd4 32. Bxd4 Nd5 33. Bg7 h5 34. Bh6 g4 35. fxg4 hxg4 36. Bxd5 cxd5 37. Bf4 f6 38. Kc1 e5 39. Bg3 Kd7 40. Kd2 Ke6 41. Ke3 f5 42. c3 a5 43. Ke2 b5 44. Bf2 a4 45. bxa4 bxa4 46. Bc5 f4 47. Kf2 e4 48. Kf1 e3 49. Ke2 Ke5 50. Kf1 g3 51. Bd4+ Ke4 0-1

[Event "Bastiais Master"]
[Site "Bastia"]
[Date "2003.??.??"]
[Round "?"]
[White "Rossi, Pascal"]
[Black "Prosper, Coralie"]
[Result "1-0"]
[WhiteElo "1990"]
[BlackElo "1840"]
[PlyCount "51"]
[EventDate "2003.??.??"]
[EventType "swiss"]
[EventRounds "7"]
[EventCountry "FRA"]
[SourceTitle "EXT 2007"]
[Source "ChessBase"]
[SourceDate "2006.11.23"]
[SourceVersion "1"]
[SourceVersionDate "2006.11.23"]
[SourceQuality "1"]

1. d4 Nf6 2. f3 g6 3. e4 Bg7 4. e5 Nd5 5. c4 Nb6 6. Nc3 d6 7. f4 0-0 8. Nf3 Nc6 9. d5 Nb8 10. Be2 Bg4 11. 0-0 Bxf3 12. Rxf3 dxe5 13. f5 Qd6 14. Ne4 Qd8 15. Qf1 N8d7 16. Bg5 f6 17. Be3 g5 18. Rh3 Rf7 19. Rd1 Nc8 20. c5 Nb8 21. Bc4 Kh8 22. d6 Rf8 23. Qf3 exd6 24. Rxh7+ Kxh7 25. Qh5+ Bh6 26. Qg6+ 1-0